| 000 | 00786nam a2200253Ia 4500 | ||
|---|---|---|---|
| 003 | OSt | ||
| 005 | 20220918170749.0 | ||
| 006 | a|||||r|||| 00| 0 | ||
| 007 | ta | ||
| 008 | 220917b |||||||| |||| 00| 0 eng d | ||
| 020 |
_a9780470373088 (pbk) _c5159.95 |
||
| 024 | _a240,450 | ||
| 037 |
_b9060, 24/12/2009, Elite Publishers Distributors _cTextual |
||
| 040 |
_aARTS _cARTS _beng |
||
| 041 |
_2eng _aeng |
||
| 082 | _a#:f, P9 | ||
| 100 |
_aBethlehem Jelke _931001 |
||
| 245 | 0 |
_aApplied survey methods _b A statistical perspective |
|
| 260 |
_aNew Jersey _bJohn Wiley USA _c2009 |
||
| 300 |
_axi,375p. _ccm. |
||
| 650 | _aSOCIAL SCIENCES | ||
| 942 |
_h#:f, P9 _cTEXL _2CC |
||
| 999 |
_c135611 _d135611 |
||